SOCIAL JOURNALISM (Record no. 216143)

MARC details
000 -LEADER
fixed length control field 00435nam a22001577a 4500
008 - FIXED-LENGTH DATA ELEMENTS--GENERAL INFORMATION
fixed length control field 251110b |||||||| |||| 00| 0 eng d
020 ## - INTERNATIONAL STANDARD BOOK NUMBER
International Standard Book Number 979-8-88715-102-1
100 ## - MAIN ENTRY--PERSONAL NAME
Personal name RICHARDS, CAROLYN R.
245 ## - TITLE STATEMENT
Title SOCIAL JOURNALISM
260 ## - PUBLICATION, DISTRIBUTION, ETC.
Place of publication, distribution, etc. DUBLIN
Name of publisher, distributor, etc. ORYSON PRESS
Date of publication, distribution, etc. 2023
300 ## - PHYSICAL DESCRIPTION
Extent VI, 296P.
500 ## - GENERAL NOTE
General note INCLUDEX INDEX
650 ## - SUBJECT ADDED ENTRY
Topical term or geographic name entry element 1. SOCIAL JOURNALISM 2. MASS MEDIA- SOCIAL ASPECTS
942 ## - ADDED ENTRY ELEMENTS (KOHA)
Source of classification or shelving scheme Library of Congress Classification
Koha item type Long Loan Book
Holdings
Withdrawn status Lost status Source of classification or shelving scheme Damaged status Not for loan Collection Home library Current library Shelving location Date acquired Inventory number Total checkouts Full call number Barcode Date last seen Date last checked out Copy number Price effective from Koha item type
    Library of Congress Classification     Arts & Social Sciences Kisii University Library Kisii University Library On Display 11/10/2025 109633   PN 4784. S6R53 2023 000000024548 11/10/2025 11/10/2025 C. 1 11/10/2025 Long Loan Book
    Library of Congress Classification     Arts & Social Sciences Kisii University Library Kisii University Library On Display 11/10/2025 109634   PN 4784. S6R53 2023 000000024549 11/10/2025 11/10/2025 C. 2 11/10/2025 Long Loan Book
    Library of Congress Classification     Arts & Social Sciences Kisii University Library Kisii University Library On Display 11/10/2025 109635   PN 4784. S6R53 2023 000000017582 11/10/2025 11/10/2025 C. 3 11/10/2025 Long Loan Book
    Library of Congress Classification     Arts & Social Sciences Kisii University Library Kisii University Library On Display 11/10/2025 109636   PN 4784. S6R53 2023 000000017581 11/10/2025 11/10/2025 C. 4 11/10/2025 Long Loan Book